000
00340nam a22001457a 4500
005
20170916123003.0
008
170916b xxu||||| |||| 00| 0 eng d
041
_a
eng
082
_a
515.43
100
_a
AGARWAL, D.C.
_9
3935
245
_a
ADVANCED INTEGRAL CALCULAS
260
_a
MEERUT
_b
KRISHNA PRAKASHAN
300
_a
334p.
942
_c
BK
999
_c
5580
_d
5578